Central Library OPAC University of Rajshahi
Normal view MARC view

Entry Uniform Title

Number of records used in: 2

001 - CONTROL NUMBER

  • control field: 9744

003 - CONTROL NUMBER IDENTIFIER

  • control field: BD-RjUL

005 - DATE AND TIME OF LATEST TRANSACTION

  • control field: 20231026123251.0

008 - FIXED-LENGTH DATA ELEMENTS

  • fixed length control field: 231026|| aca||aabn | a|a d

040 ## - CATALOGING SOURCE

  • Original cataloging agency: BD-RjUL
  • Transcribing agency: BD-RjUL

130 ## - HEADING--UNIFORM TITLE

  • Uniform title: The McGraw-Hill/Irwin series operations and decision sciences

670 ## - SOURCE DATA FOUND

  • Source citation: Work cat.: (BD-RjUL)58864: Cooper, Donald R. 175023, Business research methods /, c2012.